[Event "Hofheim Spring op-B 3rd"]
[Site "Hofheim"]
[Date "2015.04.10"]
[Round "6"]
[White "Giebitz, Walter"]
[Black "Martino, Eugenio"]
[Result "1/2-1/2"]
[WhiteElo "1555"]
[BlackElo "1607"]
[PlyCount "100"]
[EventDate "2015.04.07"]
[EventType "swiss"]
[EventRounds "9"]
[EventCountry "GER"]
[SourceTitle "CBM 166 Extra"]
[Source "ChessBase"]
[SourceDate "2015.06.18"]
[SourceVersion "1"]
[SourceVersionDate "2015.06.18"]
[SourceQuality "1"]

1. e4 c5 2. Nc3 Nc6 3. Nf3 d6 4. h3 e6 5. Bb5 Nge7 6. d3 Bd7 7. 0-0 a6 8. Bxc6 Nxc6 9. Be3 Be7 10. Qd2 Bf6 11. a3 Nd4 12. Qd1 0-0 13. Bxd4 cxd4 14. Ne2 e5 15. c3 dxc3 16. Nxc3 Bg5 17. Nxg5 Qxg5 18. Qf3 f5 19. Qg3 Qxg3 20. fxg3 fxe4 21. Nxe4 d5 22. Nc5 Rxf1+ 23. Rxf1 Bc6 24. b4 a5 25. Re1 axb4 26. axb4 b6 27. Ne6 e4 28. dxe4 dxe4 29. Nd4 Bb7 30. Nb5 Ra4 31. Nd6 Ba8 32. Nxe4 Rxb4 33. Nd6 Bc6 34. Rc1 Bd7 35. Rc7 Be6 36. Rb7 h6 37. Rb8+ Kh7 38. g4 Bd5 39. Rf8 Rd4 40. Nf5 Rd1+ 41. Kh2 Rf1 42. Rb8 Rb1 43. Ne3 Be4 44. Nc4 Bd5 45. Rxb6 Rxb6 46. Nxb6 Be6 47. Kg3 Kg6 48. Kf4 Kf6 49. g3 g6 50. Ke4 Bxg4 1/2-1/2